|
|
|
|
| LEADER |
02281nam a2200577 a 4500 |
| 001 |
nkc20112267208 |
| 003 |
CZ PrNK |
| 005 |
20120127150220.0 |
| 007 |
ta |
| 008 |
111221s2011 xr ac e c 001 0dcze |
| 015 |
|
|
|a cnb002267208
|
| 020 |
|
|
|a 978-80-87303-17-7
|q (váz.)
|
| 035 |
|
|
|a (OCoLC)776515267
|
| 040 |
|
|
|a OLA001
|b cze
|d ABA001
|
| 043 |
|
|
|a e-xr---
|
| 045 |
|
|
|a x6y1
|
| 072 |
|
7 |
|a 75
|x Malířství
|2 Konspekt
|9 21
|
| 080 |
|
|
|a 75(437.3)
|2 MRF
|
| 080 |
|
|
|a 75.036/.038
|2 MRF
|
| 080 |
|
|
|a (437.3)
|2 MRF
|
| 080 |
|
|
|a (083.824)
|2 MRF
|
| 100 |
1 |
|
|a Načeradský, Jiří,
|d 1939-2014
|7 jn20000401843
|4 art
|
| 245 |
1 |
0 |
|a Jiří Načeradský :
|b šedesátá léta a současnost, proměny upírovy /
|c [texty Petr Mach, Radan Wagner]
|
| 246 |
3 |
|
|a Načeradský
|
| 246 |
3 |
0 |
|a Jiří Načeradský - šedesátá léta a současnost
|
| 246 |
3 |
0 |
|a Jiří Načeradský - proměny upírovy
|
| 246 |
3 |
0 |
|a Šedesátá léta a současnost
|
| 246 |
3 |
0 |
|a Proměny upírovy
|
| 260 |
|
|
|a Praha :
|b Galerie Dolmen,
|c 2011
|
| 300 |
|
|
|a 109 s. :
|b il. (převážně barev.), portréty ;
|c 31 cm
|
| 500 |
|
|
|a Vydáno u příležitosti autorových výstav Šedesátá ... v Galerii Zlatá husa, 20.5.2011-19.7.2011 a Proměny upírovy v Galerii Dolmen, 22.11.2011-17.1.2012
|
| 500 |
|
|
|a Životopisná data
|
| 500 |
|
|
|a Obsahuje rejstřík
|
| 600 |
1 |
7 |
|a Načeradský, Jiří,
|d 1939-2014
|7 jn20000401843
|2 czenas
|
| 648 |
|
7 |
|a 20.-21. století
|7 ch462155
|2 czenas
|
| 648 |
|
4 |
|a 1960-2011
|
| 650 |
0 |
7 |
|a české malířství
|7 ph116864
|y 20.-21. stol.
|2 czenas
|
| 650 |
0 |
7 |
|a moderní malířství
|7 ph122940
|z Česko
|2 czenas
|
| 650 |
0 |
9 |
|a Czech painting
|y 20th-21st centuries
|2 eczenas
|
| 650 |
0 |
9 |
|a modern painting
|z Czechia
|2 eczenas
|
| 655 |
|
7 |
|a katalogy výstav
|7 fd132536
|2 czenas
|
| 655 |
|
9 |
|a exhibition catalogs
|2 eczenas
|
| 700 |
1 |
|
|a Mach, Petr
|7 jx20120112018
|4 wfw
|4 edt
|
| 700 |
1 |
|
|a Wagner, Radan,
|d 1958-
|7 jn20000402667
|4 wfw
|4 edt
|
| 710 |
2 |
|
|a Galerie Zlatá husa (Praha, Česko)
|7 kn20050819003
|
| 710 |
2 |
|
|a Galerie Dolmen (Praha, Česko)
|7 mzk2008482974
|
| 910 |
2 |
|
|a BOA001
|b 4-1278.056
|
| 990 |
|
|
|a BK
|
| 995 |
|
|
|a 01
|
| 991 |
|
|
|b 201201
|c NOV
|e n
|
| 996 |
6 |
|
|b 2610497062
|c 4-1278.056
|l MZK
|r Sklad / do 1 hodiny
|n 10
|p p.v.
|w 001221236
|u 000010
|a 1
|e BOA001
|j MZK50
|s P
|